MDQL
is popping MORE tags! Check the
thread
!
Quizzes
Events
Quiz Creation
Community
Videos
Private Events
Remove Ads
Sign In
Join for FREE
Feedback
Dark Mode
Quiz Categories
Sports
Geography
Music
Movies
Television
Just For Fun
Miscellaneous
History
Literature
Language
Science
Gaming
Entertainment
Religion
Holiday
For Kids
Quiz Lab
Recent
Popular Today
Quiz Kudos Today
Editor Picks
Curator Picks
Quizzes by...
Day
Popularity
Type
Ratings
Length
Year
Community
Subscriptions
Recent Discussions
Orange Saloon
Badges
Playlists
Quests
Create
Leaderboards
Showdown
Live 5
Trivia Bingo
Activity
Puzzle Library
Sporcle Events
Private Events
Virtual Trivia
Globe League
Become a Host
Pub Owners
SporcleCon
Opinionation
Our Games
Videos
Blog
Mobile Apps
Partnerships
Remove Ads and Go Orange
Feedback
Sports
Athletes
MLB
NBA
NHL
NFL
Soccer
Sports Teams
WWE
NCAA
Football
Premier League
Basketball
Baseball
Hockey
Golf
Tennis
Cricket
Rugby
Auto Racing
Olympics
World Cup
Sports
Athletes
MLB
NBA
NHL
NFL
Soccer
Sports Teams
WWE
NCAA
Football
Premier League
Basketball
Baseball
Hockey
Golf
Tennis
Cricket
Rugby
Auto Racing
Olympics
World Cup
Random Quiz
Search Sporcle
×
Quiz Lab
Quiz Lab
Sports
blast
Type in answers that appear in a list
Type in answers that appear in a list
Classic
Best Score? Go Orange.
WCW Bash at the Beach/Beach Blast Matches Stats
Can you name the WCW Bash at the Beach/Beach Blast Matches?
By
randyorko
20m
200 Questions
900 Plays
900 Plays
900 Plays
Comments
Comments
Give Quiz Kudos
Give Quiz Kudos
-
- Ratings
hide this ad
More Info
Replay
Link that replays current quiz
Next Quiz
Link to next quiz in quiz playlist
You Got
0%
They Got
Avg Score
80%
Avg Friend Score
Upgrade to see
Score Distribution
Jump to the score distribution portion of the page
Score
0/200
Timer
20:00
0
Plays Today
Bash at the Beach/Beach Blast
Match
% Correct
1992
Sting
99%
1993
Sting
99%
1995
Sting
99%
1996
Sting
99%
1999
Sting
99%
1994
Hulk Hogan
98.7%
1995
Hulk Hogan
98.7%
1996
Hulk Hogan
98.7%
1993
Ric Flair
97.8%
1994
Ric Flair
97.8%
1995
Randy Savage
97.8%
1995
Ric Flair
97.8%
1996
Ric Flair
97.8%
1996
Kevin Nash
97.8%
1996
Scott Hall
97.8%
1996
Randy Savage
97.8%
1997
Scott Hall
97.8%
1997
Randy Savage
97.8%
1997
Ric Flair
97.8%
1999
Randy Savage
97.8%
1999
Kevin Nash
97.8%
1997
Hollywood Hulk Hogan
97.7%
1998
Hollywood Hulk Hogan
97.7%
1999
Horace Hogan
97.1%
1996
Lex Luger
96.1%
1997
Lex Luger
96.1%
1999
David Flair
96.1%
1995
Booker T
96%
2000
Scott Steiner
95.4%
1992
Rick Steiner
95.3%
1992
Scott Steiner
95.3%
1997
Rick Steiner
95.3%
1997
Scott Steiner
95.3%
1998
Booker T
95.3%
1999
Rick Steiner
95.3%
2000
Booker T
95.3%
1995
Diamond Dallas Page
95.2%
1996
Diamond Dallas Page
95.2%
1997
Diamond Dallas Page
95.2%
1998
Diamond Dallas Page
95.2%
1999
Diamond Dallas Page
95.2%
1995
Stevie Ray
94.9%
1996
Chris Benoit
94.9%
1997
Chris Benoit
94.9%
1999
Chris Benoit
94.9%
1992
Arn Anderson
94.8%
1993
Arn Anderson
94.8%
1994
Arn Anderson
94.8%
1996
Arn Anderson
94.8%
1999
BA
94.1%
1993
Steve Austin
94%
1992
Steve Austin
93.9%
1994
Steve Austin
93.9%
1998
Stevie Ray
93.7%
1993
Vader
92.8%
1994
Vader
92.8%
1995
Vader
92.8%
1993
Brian Pillman
92.6%
1992
Brian Pillman
92.4%
1996
Dean Malenko
92.1%
1998
Eddie Guerrero
92.1%
1999
Dean Malenko
92.1%
2000
Lt Loco
91.9%
1998
Chavo Guerrero Jr
91.8%
1998
Chavo Guerrero Jr
91.8%
1992
Ricky Steamboat
91.4%
1994
Ricky Steamboat
91.4%
Bash at the Beach/Beach Blast
Match
% Correct
1996
Rey Mysterio Jr
91.3%
1998
Rey Mysterio Jr
91.3%
1999
Rey Mysterio Jr
91.3%
1992
Scotty Flamingo
90.7%
1996
The Giant
90.3%
1997
The Giant
90.3%
1998
The Giant
90.3%
1998
Goldberg
89.6%
1992
Dustin Rhodes
89.4%
1993
Dustin Rhodes
89.4%
1994
Dustin Rhodes
89.4%
1995
Brian Knobbs
89.4%
1996
Brian Knobbs
89.4%
1999
Brian Knobbs
89.4%
1995
Jerry Sags
88.7%
1996
Jerry Sags
88.7%
1999
Buff Bagwell
88.6%
1994
Kevin Sullivan
88.2%
1996
Kevin Sullivan
88.2%
1997
Kevin Sullivan
88.2%
1992
Marcus Bagwell
87.8%
1992
Rick Rude
87.4%
1993
Rick Rude
87.4%
1995
Dave Sullivan
87.1%
1993
Barry Windham
86.9%
1992
Barry Windham
86.9%
1994
Steven Regal
86.9%
1995
Steven Regal
86.9%
1999
Barry Windham
86.9%
1999
Steven Regal
86.9%
1997
Chris Jericho
86.7%
1998
Chris Jericho
86.7%
1999
Kendall Windham
86.4%
1997
Jeff Jarrett
85.6%
1998
Raven
85.6%
1992
Cactus Jack
85.3%
1994
Cactus Jack
85.3%
1996
Konnan
85.2%
1998
Konnan
85.2%
1999
Konnan
85.2%
1998
Perry Saturn
84.7%
1999
Perry Saturn
84.7%
1997
Curt Hennig
84%
1998
Curt Hennig
84%
1999
Curt Hennig
84%
1995
Meng
83.8%
1999
Sid Vicious
83.1%
1998
Juventud Guerrera
81.4%
2000
Juventud Guerrera
81.4%
1997
Juventud Guerrera
81.3%
1993
British Bulldog
81.1%
1993
Sid Vicious
81.1%
1992
Bobby Eaton
80.4%
1995
Robert Eaton
80.2%
1997
Roddy Piper
80.1%
1999
Roddy Piper
80.1%
1997
Dennis Rodman
79.7%
1998
Dennis Rodman
79.7%
1996
Steve McMichael
79.6%
1997
Steve McMichael
79.6%
1994
Terry Funk
79.4%
1997
Mortis
79.4%
1995
Jim Duggan
79.1%
1996
Jim Duggan
79.1%
1998
Bret Hart
78.3%
1994
Paul Roma
77.3%
1993
Paul Roma
77.2%
Bash at the Beach/Beach Blast
Match
% Correct
1994
Paul Orndorff
76.7%
1995
Paul Orndorff
76.7%
1997
Wrath
76.2%
1999
Kanyon
74.9%
2000
Kanyon
74.9%
1996
Rocco Rock
74.6%
1999
Rocco Rock
74.6%
1998
Billy Kidman
74.3%
1993
Johnny B Badd
74%
1994
Johnny B Badd
74%
1999
Bam Bam Bigelow
74%
1996
Johnny Grunge
73.8%
1999
Johnny Grunge
73.8%
1998
Karl Malone
73.7%
1996
Disco Inferno
72.7%
1998
Disco Inferno
72.7%
1999
Disco Inferno
72.7%
1996
John Tenta
70.8%
1992
Ron Simmons
70.2%
1997
Glacier
69.7%
1999
Fit Finlay
69.6%
2000
Brian Adams
68.9%
2000
Bryan Adams
68.8%
1992
Steve Williams
67.9%
1997
Ernest Miller
66.7%
1999
Ernest Miller
66.7%
1997
The Great Muta
65.8%
2000
Norman Smiley
65.7%
1992
Terry Gordy
64.7%
1997
La Parka
64.4%
1999
La Parka
64.4%
1994
Bunkhouse Buck
64.1%
1992
Terry Taylor
63.6%
1999
David Taylor
63.2%
1997
Ultimo Dragon
63%
1996
Psicosis
62.8%
1997
Psicosis
62.8%
1996
Big Bubba
61.9%
1999
Hak
59.2%
1995
The Renegade
58.8%
1992
Greg Valentine
58.4%
1999
Bobby Duncum Jr
56.1%
1997
Masahiro Chono
55.9%
2000
Chuck Palumbo
55.3%
1992
Nikita Koloff
53.8%
1998
Kevin Greene
53.4%
1999
Hugh Morrus
53%
2000
Shawn Stasiak
52.3%
2000
Miss Hancock
51.4%
1999
Van Hammer
51.1%
2000
Mike Awesome
50.4%
1994
The Guardian Angel
49.9%
1999
Silver King
48%
1993
Maxx Payne
45.8%
1995
Kamala
44.1%
1997
Villano IV
43.1%
1999
Swoll
42%
2000
Daffney
40.1%
1997
Lizmark Jr
38.7%
1997
Hector Garza
37.8%
2000
Big Vito
37.2%
1996
Joe Gomez
35.6%
2000
Ralphus
35.3%
1999
Ciclope
33.4%
1999
Jerry Flynn
30.4%
1999
Mikey Whipwreck
26.6%
Quiz Playlist
Details
Report
Send in Message
Add To Playlist
More Info:
Here are the rest of the matches for 2000. Vampiro vs Demon, Shane Douglas vs Buff Bagwell, Hogan vs Jarrett, Goldberg vs Nash, & Booker T vs Jarrett
Classic:
Type in answers that appear in a list
Last Updated: Feb 16, 2017
Quiz Scoreboard
CHALLENGE
Sign Up to Join the Scoreboard
Show All
Scores
Hide
Comments
May contain spoilers
Recently Published
Two Season TV Shows II
by 123Four
Television
10m
Image Sorting: Flags VI
by Barbecue
Geography
2m
Find the 'City' Movie
by crazypaving
Movies
60s
More to Explore
Quiz From the Vault
Featured Blog Post
14 Easter Pick-up Lines to Find Eggs With
hide this ad
You Might Also Like...
Tags
beach
blast
Matching
WCW
Today's Top Quizzes in Sports
Browse Sports
hide this ad
Top Contributed Quizzes in Sports
1
Les meilleurs buteurs des matchs entre le PSG et l’OM
2
Les entraîneurs de l'OM et du PSG au 21e siècle
3
2022 World Cup Stars
4
Les joueurs passés par le PSG et l'OM
5
Players with Multiple 50 Home Run Seasons
6
Criteria MLB: Left Handed Sluggers
7
FIFA Club World Cup Champions
8
Les joueurs passés par le LOSC et le RC Lens
9
NBA Logic Puzzle 2.0
10
Top 10 NHL Goal Scorers of All Time
Explore More
Trending Topics
Crossword
Kpop
NBA
Anime
Marvel
Harry Potter
Disney
Soccer
Pokémon
The Office
NFL
Song
Puzzle
WWE
Country
hide this ad
More By:
randyorko
Quiz
Plays
Rating
Category
Featured
Created
Can you Name Kane's PPV Opponents
3,466
2.33
Sports
Nov 16, 2009
Can You Name Kevin Nash's PPV Opponents
2,935
2.70
Sports
Nov 18, 2009
Big Show's PPV Opponents
2,354
2.17
Sports
Nov 17, 2009
Can You Name Mick Foley's PPV Opponents
1,928
2.00
Sports
Nov 17, 2009
Everone in Wrestlemanias 13-X7
1,010
2.17
Sports
Apr 4, 2010
Go to Creator's Profile
Score Distribution
Quiz Creator Spotlight
randyorko
Follow
Send a Message
Quizzes Created
-
Created Quiz Play Count
-
More By This Creator
Popular Quizzes Today
1
Colored Red Africa Blitz
2
Find the US States - No Outlines Minefield
3
Find the 'City' Movie
4
5x2 Blitz: Bands
5
The Countries of the World
6
Find the US States
7
Find the Countries of Europe - No Outlines Minefield
8
US States
More Sports Quizzes
1984 NBA Champions - Boston Celtics
Quiz Lab
Trending Quizzes
Colored Red Europe Blitz I
Colored Red Africa Blitz II
Colored Red Europe Blitz II
Colored Red Africa Blitz III
Colored Red Europe Blitz III
Recently Updated
How Do You Spell That?
pecheneg
Godzilla Movies
pecheneg
Grab Bag: 4-10 Letters
pecheneg
2024 March Madness Bracket
pecheneg
Famous TV Couples
Peacemaker
Champions League XIs: Real Madrid
pecheneg
Largest US Cities 1790-2010
pecheneg
Rides in Walt Disney World
pecheneg
Most Oscar Losses (Acting)
pecheneg
Beyoncé Albums
pecheneg
Trending Topics
Harry Potter
Crossword
NBA
Disney
Anime
Kpop
Marvel
Country
Soccer
The Office
NFL
Pokémon
WWE
Song
Puzzle
Your Account Isn't Verified!
In order to create a playlist on Sporcle, you need to verify the email address you used during registration. Go to your
Sporcle Settings
to finish the process.
Report this User
Report this user for behavior that violates our
Community Guidelines
.
Details:
Send Report
Go to the Sporcle.com Mobile Site →
Comments